| 000 | 00808nam a22002532i 4500 | ||
|---|---|---|---|
| 001 | 25282 | ||
| 003 | BD-RjUL | ||
| 005 | 20211209050846.0 | ||
| 008 | 140316s1979 ii b 001 0 eng d | ||
| 035 |
_a(BD-RjUL)25351 _aOCLC ocm06377918 from D960220M |
||
| 040 |
_aDLC _cDLC _dEQO _dBD-RjUL _beng |
||
| 041 | _aeng | ||
| 082 | 0 | 0 |
_a306.2 _bLAC 1979 |
| 100 | 1 |
_aLarus, Joel. _977755 |
|
| 245 | 1 | 0 |
_aCulture and political-military behavior : _bthe Hindus in premodern India / _cJoel Larus |
| 260 |
_aCalcutta : _bMinerva, _c1979. |
||
| 300 |
_axi, 208 p. ; _c22 cm. |
||
| 504 | _aIncludes bibliographical references and index | ||
| 650 | 0 |
_aHindu civilization _956872 |
|
| 651 | 0 |
_aIndia _xHistory, Military _977756 |
|
| 651 | 0 |
_aIndia _xForeign relations _977757 |
|
| 942 |
_2ddc _cBK |
||
| 999 |
_c25282 _d25282 |
||